00510nam a22001697a 450000500170000001000150001702000260003203500140005803700130007208200110008510000160009624500650011226000350017727000560021230000240026850000480029220180814161205.0 aENG-123730 a9788174792105c650.00 aEN-107262 bDBAD/PUB00a230.22 aRekha, G.S.10aThe concept of pranava in indian philosophy /cby G.S. Rekha aNew Delhi bKaveri Booksc2018 a4832/24, Ansari Road, DaryaganjbNew Delhi e110002 axi,164p.c21cm.(Hb) aIt include appendix, bibliography and index